000 00609nam a2200217 i 4500
001 12134
003 ES-MaACL
005 20250903014507.0
007 t|
008 970414r19911987xxr ||||1| spa d
020 _a5-03-001912-X
080 _a51(091)
100 1 _aRíbnikov, K.
_996822
245 1 0 _aHistoria de las matemáticas /
_cK. Ríbnikov.
250 _a1ª ed., 1ª reimp.
260 _aMoscú :
_bMir,
_c1987 (
_g1991 imp.)
300 _a486 p. :
_bil. ;
_c22 cm.
650 1 4 _aMatemáticas-
_vHistoria
_914826
852 _aES-MaACL
_jL-19472
_bR.125123
999 _c12134
_d12134